Harold's trip to the sky /

Harold travels to the sky with the help of his purple crayon.

Bibliographic Details
Main Author: Johnson, Crockett, 1906-1975
Format: Book
Language:English
Published: New York : Harper, [1957]
Subjects:

MARC

Tag First Indicator Second Indicator Subfields
LEADER 00000cam a22000001 4500
001 in00002781662
005 20150922121458.0
008 940713s1957 nyua j 000 1 eng
010 |a  57009262  
020 |a 0064430251 (pbk.) 
020 |a 9780064430258 (pbk.) 
035 |a (OCoLC)30758420 
040 |a DLC  |c DLC  |d UtOrBLW 
042 |a lcac 
049 |a TXAM 
050 0 0 |a PZ7.J63162  |b Haro 1957 
082 0 0 |a [E] 
100 1 |a Johnson, Crockett,  |d 1906-1975. 
245 1 0 |a Harold's trip to the sky /  |c by Crockett Johnson. 
264 1 |a New York :  |b Harper,  |c [1957] 
264 4 |c ©1957 
300 |a 1 volume (unpaged) :  |b illustrations ;  |c 16 cm. 
336 |a text  |b txt  |2 rdacontent 
337 |a unmediated  |b n  |2 rdamedia 
338 |a volume  |b nc  |2 rdacarrier 
520 |a Harold travels to the sky with the help of his purple crayon. 
650 0 |a Interplanetary voyages  |v Juvenile fiction. 
650 0 |a Crayon drawing  |v Juvenile fiction. 
650 0 |a Harold (Fictitious character) 
650 1 |a Fantasy. 
650 0 |a Fantasy. 
655 0 |a Adventure stories. 
945 |a PromptCat  |b 38641 
946 |a curr 
947 |a A14835994273 
948 |a cataloged  |b h  |c 2012/10/17  |d c  |e dmitchel  |f 3:10:20 pm 
994 |a C0  |b TXA 
999 |a MARS 
999 f f |s fe44649c-30ef-31d1-b2e4-d45953da07a7  |i 94e12172-61cf-30c0-a579-6c13e6df02e6  |t 0 
952 f f |p normal  |a Texas A&M University  |b College Station  |c Sterling C. Evans Library  |d Evans: Curriculum Collection (4th floor)  |t 0  |e PZ7.J63162 Haro 1957  |h Library of Congress classification  |i unmediated -- volume  |m A14835994273 
998 f f |a PZ7.J63162 Haro 1957  |t 0  |l Evans: Curriculum Collection (4th floor)